| 000 | 00565nam a2200193 a 4500 | ||
|---|---|---|---|
| 001 | 1771665203060 | ||
| 003 | YourLibrary | ||
| 005 | 20260221144453.0 | ||
| 008 | 260221s1995##################000#0#eng## | ||
| 020 | _a9780792396390 | ||
| 082 | 0 | 4 |
_a338.4762 _bTHO |
| 100 | 1 |
_aThore, Sten A., _eauthor. |
|
| 245 | 1 | 0 | _aThe Diversity, Complexity, and Evolution of High Tech Capitalism : |
| 260 |
_bSpringer Science & Business Media, _c1995. |
||
| 300 | _a220 pages | ||
| 650 | 0 | _aBusiness & Economics. | |
| 942 | _cENGLISH | ||
| 040 |
_aYourLibrary _beng _cYourLibrary |
||
| 999 |
_c615170 _d615170 |
||